000 01157nab a2200289 i 4500
001 193735
003 ES-MaACL
005 20250811063211.0
007 t|
008 240207s1913 sp ||||1| spa d
040 _aES-MaACL
_bspa
_cES-MaACL
245 0 0 _aD. José Echegaray al abandonar la mesa después de votar la candidatura de presidente del Ateneo /
_cfots., Duque y Alba
260 _a[Madrid :
_bBlanco y Negro,
_c1913]
300 _a1 página :
_b1 ilustración ;
_c30 cm
336 _2rdacontent
_atexto
337 _2rdamedia
_asin mediación
338 _2rdacarrier
_avolumen
500 _aFotocopia de la página con la fotografía de José Echegaray y otros personajes en el salón de actos del Ateneo de Madrid, publicada en "Blanco y negro", 9 de febrero de 1913, n. 1134
600 1 4 _aEchegaray, José,
_d1832-1916
_946526
610 2 4 _aAteneo de Madrid-
_vHistoria
_91925
700 1 _aDuque, Julio,
_dca. 1870-1936
_epht
_9235025
700 1 _aAlba, Ramón,
_d-1919
_epht
_9235130
852 4 _aES-MaACL
_cDEPOF
_j2347-F-70
_9201269
942 _2udc
_cANAB
_n0
999 _c193735
_d193735